书目信息 |
| 题名: |
宜静默 宜从容
|
|
| 作者: | 冯友兰 著 | |
| 分册: | ||
| 出版信息: | 北京 北京时代华文书局 2019.04 |
|
| 页数: | 240页 | |
| 开本: | 22cm | |
| 丛书名: | ||
| 单 册: | ||
| 中图分类: | I266 | |
| 科图分类: | ||
| 主题词: | 散文集--san wen ji--中国--现代 | |
| 电子资源: | ||
| ISBN: | 978-7-5699-2567-8 | |
| 000 | 00990nam0 2200253 450 | |
| 001 | 202019137463 | |
| 005 | 20191026133321.0 | |
| 010 | @a978-7-5699-2567-8@b精装@dCNY59.00 | |
| 100 | @a20191022d2019 em y0chiy50 ea | |
| 101 | 0 | @achi |
| 102 | @aCN@b110000 | |
| 105 | @ay z 000cy | |
| 106 | @ar | |
| 200 | 1 | @a宜静默 宜从容@Ayi jing mo yi cong rong@d= Easy, quiet and calm@f冯友兰@zeng |
| 210 | @a北京@c北京时代华文书局@d2019.04 | |
| 215 | @a240页@d22cm | |
| 314 | @a冯友兰, 中国当代著名哲学家、教育家。 | |
| 330 | @a冯友兰对于人生问题的理解, 充实而稳重, 浑厚而洞明, 发现人生之本源, 直指人生之本质。《宜静默宜从容》是冯友兰人生感悟的集大成之作, 是冯友兰感悟人生、体味人生的散文的精华之选。愿每个读者都能从冯友兰的文字里, 感悟到自己的人生之道, 能静默, 也能从容。 | |
| 510 | 1 | @aEasy, quiet and calm@zeng |
| 606 | 0 | @a散文集@Asan wen ji@y中国@z现代 |
| 690 | @aI266@v5 | |
| 701 | 0 | @a冯友兰@Afeng you lan@4著 |
| 801 | 0 | @aCN@c20190905 |
| 905 | @a河南城建学院图书馆@dI266@eF533 | |
| 宜静默 宜从容= Easy, quiet and calm/冯友兰.-北京:北京时代华文书局,2019.04 |
| 240页;22cm |
| ISBN 978-7-5699-2567-8(精装):CNY59.00 |
| 冯友兰对于人生问题的理解, 充实而稳重, 浑厚而洞明, 发现人生之本源, 直指人生之本质。《宜静默宜从容》是冯友兰人生感悟的集大成之作, 是冯友兰感悟人生、体味人生的散文的精华之选。愿每个读者都能从冯友兰的文字里, 感悟到自己的人生之道, 能静默, 也能从容。 |
| ● |
| 相关链接 |
|
|
|
正题名:宜静默 宜从容
索取号:I266/F533
 
预约/预借
| 序号 | 登录号 | 条形码 | 馆藏地/架位号 | 状态 | 备注 |
| 1 | 1446090 | 214460901 | 文学库116/116文学库 1排4列3层/ [索取号:I266/F533] | 在馆 | |
| 2 | 1446091 | 214460910 | 文学库116/116文学库 1排4列3层/ [索取号:I266/F533] | 在馆 |